=LDR 00000nam 2200000 4500 =001 INLIS000000000054121 =005 20190619020103 =035 ##$$a 0010-0619000004 =007 ta =008 190619###########################0#ind## =082 ##$$a 352.007 =084 ##$$a 352.007 SIS =245 ##$$a sistim kepemimpinan didalam masyarakat pedesaan /$c Drs.H.M. Soplantila dll. =260 ##$$a Maluku :$b depdikbud,$c 1994 =300 ##$$a 145 hlm. : $b ilus, ; $c 21 cm. =650 ##$$a Desa - Pemerintah Daerah =700 #$$a M. Soplantila =990 ##$$a 11141114 =990 ##$$a 78.426 hd.94